Noticias inéditas relativas al patrimonio artístico del Convento Grande de Nuestra Señora del Socorro de Santiago de Chile

Uloženo v:
Podrobná bibliografie
Hlavní autor: Ramírez Rivera, Hugo Rodolfo E (Autor)
Médium: Kniha
Jazyk:španělština
Vydáno: Santiago Publicaciones del Archivo Franciscano 1990
Témata:
Tagy: Přidat tag
Žádné tagy, Buďte první, kdo vytvoří štítek k tomuto záznamu!

MARC

LEADER 00000nam a2200000 a 4500
001 UCY3517
003 CL-VaPUC
008 950103e19900000CL |||||||||||||||||spa|d
082 0 4 |a 271.3083  |b RAM  |2 21 
100 0 |a Ramírez Rivera, Hugo Rodolfo E  |e author  |9 331827 
245 1 0 |a Noticias inéditas relativas al patrimonio artístico del Convento Grande de Nuestra Señora del Socorro de Santiago de Chile 
300 |a 62 p 
942 |c BK 
945 |d 19950103 00:00:00  |a aalvarez 
260 |a Santiago  |b Publicaciones del Archivo Franciscano  |c 1990 
650 0 |a Franciscanos   |9 267404 
651 7 |a CHILE  |2 CL-VaPUC  |9 331828 
583 |a last modification  |c 19950103 00:00:00  |k Rodrigo Vera 
999 |c 231626  |d 231624 
952 |0 0  |1 0  |4 0  |6 271_308300000000000_RAM_1990  |7 0  |8 A  |9 235060  |a BIBTEO  |b BIBTEO  |d 2019-11-15  |i 3047695  |o 271.3083 RAM 1990  |p 3047695  |r 2025-01-17  |w 2019-11-15  |y BK  |k ICR